000 00594nam a22002417a 4500
003 UA-OsUOA
001 27371
007 ta
008 20040625b un ||||| |||| 00| 0 ukr d
090 _a908(477.82)
_bП43
942 _cBK
040 _aUA-OsUOA
_bukr
_cUA-OsUOA
_dUA-OsUOA
245 _aПогорина
_bЛітературно-мистецький альманах
300 _a136 с.
955 _a0
041 _aukr
080 _a908(477.82)
260 _aРівне
_bАзалія
_c2003
246 3 1 _aВипуск 5
_n
044 _aUA
650 7 _2UDC
999 _c313715
_d313715